The Economic surplus in advanced economies
Saved in:
| Other Authors: | |
|---|---|
| Format: | Book |
| Language: | English |
| Published: |
Aldershot, Hants, England : Brookfield, Vt., USA :
E. Elgar,
c1992
|
| Series: | New directions in modern economics
|
| Subjects: | |
| Tags: |
Add Tag
No Tags, Be the first to tag this record!
|
MARC
| LEADER | 00000cam a2200000 i 4500 | ||
|---|---|---|---|
| 001 | 1/32210 | ||
| 008 | 950807s1992 eng d | ||
| 020 | |a 1852785551 | ||
| 035 | |l 10023718 | ||
| 040 | |a GR-MY-UA |b gre |e aacr | ||
| 041 | 0 | |a eng | |
| 082 | 0 | |a 338.02 | |
| 245 | 1 | 4 | |a The Economic surplus in advanced economies / |c edited by John B. Davis |
| 260 | |a Aldershot, Hants, England : |a Brookfield, Vt., USA : |b E. Elgar, |c c1992 | ||
| 300 | |a vii, 192 σ.; |b εικ.; |c 22 cm | ||
| 490 | 1 | |a New directions in modern economics | |
| 504 | |a Περιέχει βιβλιογραφικές παραπομπές και ευρετήριο | ||
| 650 | 0 | 0 | |a Capitalism. |
| 650 | 0 | 0 | |a Surplus (Economics) |
| 650 | 0 | 0 | |a Economic development. |
| 650 | 0 | 0 | |a Monopolies. |
| 700 | 1 | |a Davis, John Bryan. | |
| 852 | |a INST |b CHIOS |e 19950807 |h 338.02 ECO |p 005200003250 |q 005200003250 |t BK |y 0 | ||
| 852 | |a INST |b CHIOS |e 19960709 |h 338.02 ECO |p 005200007294 |q 005200007294 |t BK |y 0 | ||
| 909 | |a Χ |b 031038 | ||
| 909 | |a Χ |b 038404 | ||